000 00690nam a2200205 i 4500
001 171239
003 ES-MaACL
005 20251003063151.0
008 090506s1963 sp |||| | spa d
017 _aM 2923-1963
100 1 _aJiménez Duque, Baldomero,
_d1911-2007
_966518
245 1 0 _aTeología de la mística /
_cBaldomero Jiménez Duque.
260 _aMadrid :
_bLa Editorial Católica,
_c1963.
300 _aXVI, 523 p., [10] h. de lám. :
_bil. ;
_c20 cm.
490 1 _aBiblioteca de autores cristianos ;
_v224
500 _aÍndices.
830 0 0 _aBiblioteca de autores cristianos
_v224
_9178679
852 _aES-MaACL
_jJ-219
_9R.46092
999 _c171239
_d171239